Hronike iz narodnooslobodilačke borbe. O metodu rada.

Saved in:
Bibliographic Details
Main Author: Hasanagić, Edib.
Format: Book
Language:Croatian
Published: Beograd, [Savez udruženja boraca narodnooslobodilačkog rata Srbije], 1966.
Edition:2., dop. izd.
Subjects:
Tags: Add Tag
No Tags, Be the first to tag this record!
LEADER 00790nam a2200253I 4500
001 005200744-8
005 20020606095253.2
008 881116s1966 yu b 000 0 hrv
010 |a  68144039  
015 |a Yu67-1494 
035 0 |a ocm18769795 
040 |a DLC  |c WAU  |d HLS 
043 |a e-yu--- 
050 0 |a D766.6  |b .H3 1966 
100 1 |a Hasanagić, Edib. 
245 1 0 |a Hronike iz narodnooslobodilačke borbe.  |b O metodu rada. 
250 |a 2., dop. izd. 
260 |a Beograd,  |b [Savez udruženja boraca narodnooslobodilačkog rata Srbije],  |c 1966. 
300 |a 72 p.  |c 17 cm. 
504 |a Bibliographical references included in "Prilozi" (p. [50]-68) 
650 0 |a World War, 1939-1945  |z Yugoslavia. 
650 0 |a World War, 1939-1945  |x Historiography. 
988 |a 20020608 
906 |0 DLC